Getting the future right Artificial intelligence and fundamental rights: report

Detalles Bibliográficos
Formato: eBook
Lenguaje:inglés
Publicado: Bruselas: European Union Publications Office, 2020
Materias:
Acceso en línea:Acceso restringido

MARC

LEADER 00000nam a22000007a 4500
005 20210820103121.0
007 cr|||| ||||
008 210820s2020 eu |||||s|||| 00||0 eng d
020 |a 978-92-9474-861-4 
035 |a 34671 
040 |a vLex 
090 |c 12084  |d 12084 
245 0 0 |a Getting the future right  |h [Recurso electrn̤ico] /  |b Artificial intelligence and fundamental rights: report 
256 |a Servicio en ln̕ea 
260 |a Bruselas:  |b European Union Publications Office,  |c 2020 
300 |a 1 recurso electrn̤ico 
500 |a Artificial intelligence (AI) already plays a role in deciding what unemployment benefits someone gets, where a burglary is likely to take place, whether someone is at risk of cancer, or who sees that catchy advertisement for low mortgage rates. Its use keeps growing, presenting seemingly endless possibilities. But we need to make sure to fully uphold fundamental rights standards when using AI. This report presents concrete examples of how companies and public administrations in the EU are using, or trying to use, AI. It focuses on four core areas – social benefits, predictive policing, health services and targeted advertising. The report discusses the potential implications for fundamental rights and analyses how such rights are taken into account when using or developing AI applications. In so doing, it aims to help ensure that the future EU regulatory framework for AI is firmly grounded in respect for human and fundamental rights. 
506 1 |a Disponible solo en los productos indicados  |d vLex Global  |d vLex Global (Academic Edition, excluding Law Schools)  |d vLex Global (U.S. Academic Edition, Law Schools)  |d vLex Global (U.S. Academic Edition, excluding Law Schools)  |d vLex Global (Academic Edition, Law Schools) 
650 0 4 |a Telecomunicaciones  |z Unin̤ Europea 
740 0 |a vLex Libros (Servicio en ln̕ea) 
856 4 0 |u https://app.vlex.com/#/sources/34671  |z Acceso restringido 
942 |c BOOK 
999 0 |a Telecommunications